|
|
|
|
| LEADER |
01076nam a22002897a 4500 |
| 001 |
29250 |
| 003 |
BD-DhAAL |
| 005 |
20211128155235.0 |
| 008 |
150517s2011 vraa b 001 0 eng d |
| 999 |
|
|
|c 34422
|d 34422
|
| 020 |
|
|
|a 9780734610928
|
| 040 |
|
|
|a BD-DhAAL
|c BD-DhAAL
|
| 082 |
0 |
4 |
|2 22
|a 658
|
| 100 |
1 |
|
|a Alam, Quamrul
|e author.
|9 11077
|
| 245 |
1 |
0 |
|a Cases in business and management /
|c Quamrul Alam, Nazmul Amin Majumdar.
|
| 250 |
|
|
|a 2nd ed.
|
| 260 |
|
|
|a Prahran, Vic. :
|b Tilde University Press,
|c 2011.
|
| 300 |
|
|
|a [14], 248 pages :
|b illustrations ;
|c 25 cm
|
| 504 |
|
|
|6 Includes bibliographical references.
|
| 541 |
|
|
|e 29250
|
| 650 |
|
0 |
|a Corporations
|v Case studies.
|9 11078
|
| 650 |
|
0 |
|a Industrial management
|v Case studies.
|9 11079
|
| 650 |
|
0 |
|a Business education
|v Case studies.
|9 11080
|
| 650 |
|
0 |
|a Business & finance.
|9 43221
|
| 710 |
1 |
|
|a Majumdar, Nazmul Amin.
|e author.
|9 11081
|
| 942 |
|
|
|2 ddc
|c BK
|
| 952 |
|
|
|0 0
|1 0
|2 ddc
|4 0
|6 658_000000000000000_ALA
|7 0
|9 53745
|a BRACUL
|b BRACUL
|c GEN
|d 2015-05-17
|l 1
|o 658 ALA
|p 3010029250
|r 2017-05-20
|s 2017-01-25
|t 1
|w 2015-05-17
|y BK
|